Extranjeros e inmigrantes: cuatro cuestiones de Derecho Intenacional y filosofía jurídica

Salvato in:
Dettagli Bibliografici
Autore principale: Arlettaz, Fernando (Autore)
Natura: Libro
Lingua:spagnolo
Pubblicazione: Madrid Fundación Aequitas 2014
Valladolid Fundación Aranzadi Lex Nova 2014
Edizione:1a. ed
Soggetti:
Tags: Aggiungi Tag
Nessun Tag, puoi essere il primo ad aggiungerne!!

MARC

LEADER 00000cam a2200000 a 4500
001 UCC6768
003 CL-VaPUC
008 190111e20140000sp |||||||||||||||||spa|d
020 |a 9788494341625 
082 0 4 |a 304.84  |b ARL  |2 21 
100 0 |a Arlettaz, Fernando  |e author  |9 601253 
245 1 0 |a Extranjeros e inmigrantes: cuatro cuestiones de Derecho Intenacional y filosofía jurídica 
250 |a 1a. ed 
300 |a 124 p 
942 |c BK 
945 |d 20190111 14:04:00  |a dcastane 
260 |a Madrid  |b Fundación Aequitas  |c 2014 
260 |a Valladolid  |b Fundación Aranzadi Lex Nova  |c 2014 
650 0 |a Inmigrantes  |9 317882 
650 0 |a Emigración e inmigración  |9 257711 
650 0 |a Derecho internacional  |9 255637 
583 |a last modification  |c 20190111 14:04:00  |k Rodrigo Vera 
999 |c 373624  |d 373622 
952 |0 0  |1 0  |3 erb  |4 0  |6 304_840000000000000_ARL_2014_2014  |7 0  |8 A  |9 491818  |a BIBDER  |b BIBDER  |i 5527929  |o 304.84 ARL 2014 2014  |p 5527929  |r 2023-01-25  |w 2019-11-24  |y BK  |z Catalogado en:20190111  |k DER